000 00389nam a2200169Ia 4500
005 20250423095955.0
008 250422s9999 xx 000 0 und d
020 _a97897850388
050 _aKP 35 .I27/
100 _aImo Ministry of Justice
245 0 _aLaws of Imo State
260 _aLagos State
260 _bOdade Publisher
260 _c2011
300 _a515 p
942 _cBK
999 _c31903
_d31903